000
00350nam a2200145Ia 4500
008
240624s9999 xx 000 0 und d
041
_a
eng
082
_a
346.07 DAT
100
_a
DATEY V S
245
_a
STUDENTS GUIDE TO CORPORATE LAWS AND SEC
250
_a
(7th ed.)
260
_c
2004
_a
New Delhi
_b
Taxmann
300
_a
I-63, : 799
365
_c
RS
999
_c
1518
_d
1518